000 00496nam a2200157Ia 4500
999 _c22311
_d22311
003 OSt
005 20200518140551.0
008 190216s9999||||xx |||||||||||||| ||und||
040 _coclc
082 _a297.61
_bNUM/A
100 _aNu`Mani, Allama Shibli
_92129
245 0 _aAl-Farooq Life Of Omar The Great /
_cAllama Shibli Nu`Mani
260 _bInternational Islamic Publishers,
_c1992.
_aNew Delhi:
300 _a472p
942 _cBK
_2ddc
_h297.61
_iNUM/A
_k297.61
_mNUM/A